Statistics for Top 5 Irelands Biggest wins in rugby

Click here to take the quiz!

General Stats

  • This quiz has been taken 5 times
    (3 since last reset)
  • The average score is 4 of 7

Answer Stats

YearOpponentScoreTry Scorers for IrelandConversionsPenalties% Correct
2000United States3 - 83Murphy (x2), Topping, Mullins (x3), Guy Easterby (x2), Paul Wallace, O'Kelly, Simon Easterby (x2), HumphreysO'Gara (x8)O'Gara (x2)
100%
1998Georgia70 - 0O'Shea, Duignan, Bell, Maggs, Paul Wallace, Johns, Costello, Girvan Dempsey (x2), ScallyEric Elwood (x10)
67%
2000Japan78 - 9Murphy, Hickie (x3), O'Driscoll (x2), Howe (x2), Stringer, Clohessy, R. HendersonO'Gara (x10)O'Gara
67%
2021Japan60 - 5Lowe, Conway (x3), Gibson-Park, Sexton, Aki, Ringrose, HealySexton (x4), Carbery (x2)Sexton
67%
2021United States71-10Balacoune, Kelleher (x4), Timoney, McClouskey, Keenan, Coombes, BealhamCarbery (x5), Byrne (x4), AddisonCarbery
67%
2008Canada55 - 0Earls, Bowe (x2), R. Kearney (x2), Heaslip, Quinlan, D. WallaceO'Gara (x5), P. WallaceO'Gara
33%
2003Namibia64 - 7Dempsey, Horgan, Hickie, Horan, Miller (x2), Quinlan (x2), Guy Easterby, KellyO'Gara (x7)O'Gara (x3)
33%

Score Distribution

Percentile by Number Answered

Percent of People with Each Score

Your Score History

You have not taken this quiz since the last reset